[Event "Loire-ch op 0506"]
[Site "Loire"]
[Date "2005.11.27"]
[Round "1"]
[White "Goudet, Maxence"]
[Black "Trenteseaux, Alain"]
[Result "0-1"]
[WhiteElo "1370"]
[BlackElo "1550"]
[PlyCount "72"]
[EventDate "2005.11.27"]
[EventType "swiss"]
[EventRounds "6"]
[EventCountry "FRA"]
[SourceTitle "EXT 2008"]
[Source "ChessBase"]
[SourceDate "2007.11.25"]
[SourceVersion "1"]
[SourceVersionDate "2007.11.25"]
[SourceQuality "1"]

1. e4 c5 2. Nc3 e6 3. Nf3 Nc6 4. Bc4 d6 5. d4 cxd4 6. Nxd4 Nf6 7. Nxc6 bxc6 8. Bg5 Be7 9. Bxf6 Bxf6 10. 0-0 0-0 11. Qd2 d5 12. exd5 cxd5 13. Bd3 Rb8 14. Rab1 Qc7 15. Nd1 Bd7 16. f4 Bd4+ 17. Kh1 Rfe8 18. c3 Bf6 19. Ne3 Bc6 20. Rbe1 Qb7 21. Rb1 d4 22. cxd4 Bxd4 23. Nc4 Red8 24. Rfd1 Bd5 25. b3 Qb4 26. Qxb4 Rxb4 27. Bxh7+ Kxh7 28. Rxd4 Bxg2+ 29. Kxg2 Rxd4 30. Kf3 Rdxc4 31. bxc4 Rxb1 32. Ke4 Rb2 33. Ke5 Rxa2 34. Kd6 Ra6+ 35. Ke7 Kg6 36. c5 Rc6 0-1